Stratégia ekonomického rozvoja Slovenska záverečná správa

Salvato in:
Dettagli Bibliografici
Autore principale: Hoffmann, Pavel
Altri autori: Tvrdoň, Jozef
Natura: Libro
Lingua:slovacco
Pubblicazione: Bratislava Ekonomický ústav SAV 1990
Soggetti:
Tags: Aggiungi Tag
Nessun Tag, puoi essere il primo ad aggiungerne!!

MARC

LEADER 00000nam a2200000 4500
001 c110824
005 20240213100930.0
041 0 |a slo 
044 |a SK 
245 1 0 |a Stratégia ekonomického rozvoja Slovenska  |b záverečná správa  |c zodp. riešiteľ: Pavel Hoffmann, Jozef Tvrdoň 
264 1 |a Bratislava  |b Ekonomický ústav SAV  |c 1990 
300 |a 316 s. 
610 2 0 |a rozvoj hospodársky 
610 2 0 |a reformy hospodárske 
610 2 0 |a stratégia hospodárska 
610 2 0 |a prognózy 
610 2 0 |a prognózy hospodárske 
610 2 0 |a Česko 
610 2 0 |a Slovensko 
100 1 |a Hoffmann, Pavel 
700 1 |a Tvrdoň, Jozef